Life in the English church: (1660 - 1714)

Gespeichert in:  
Bibliographische Detailangaben
1. VerfasserIn: Overton, John Henry 1835-1903 (Verfasst von)
Medienart: Druck Buch
Sprache:Englisch
Subito Bestelldienst: Jetzt bestellen.
Verfügbarkeit prüfen: HBZ Gateway
WorldCat: WorldCat
Fernleihe:Fernleihe für die Fachinformationsdienste
Veröffentlicht: London Longmans, Green 1885
In:Jahr: 1885
normierte Schlagwort(-folgen):B Kirche / Großbritannien / Geschichte
IxTheo Notationen:KDE Anglikanische Kirche

MARC

LEADER 00000cam a2200000 c 4500
001 211029211
003 DE-627
005 20251222205025.0
007 tu
008 960529s1885 xxk||||| 00| ||eng c
035 |a (DE-627)211029211 
035 |a (DE-599)GBV211029211 
035 |a (OCoLC)40209811 
040 |a DE-627  |b ger  |c DE-627  |e rakwb 
041 |a eng 
044 |c XA-GB 
082 0 |a 283.42  |q OCLC 
084 |a 1  |2 ssgn 
084 |a 11.50  |2 bkl 
084 |a 15.64  |2 bkl 
100 1 |0 (DE-588)1055175253  |0 (DE-627)793272637  |0 (DE-576)411814524  |4 aut  |a Overton, John Henry  |d 1835-1903 
109 |a Overton, John Henry 1835-1903  |a Overton, John H. 1835-1903  |a Overton, J. H. 1835-1903 
245 1 0 |a Life in the English church  |b (1660 - 1714)  |c by J. H. Overton 
264 1 |a London  |b Longmans, Green  |c 1885 
300 |a XIV, 376 S 
336 |a Text  |b txt  |2 rdacontent 
337 |a ohne Hilfsmittel zu benutzen  |b n  |2 rdamedia 
338 |a Band  |b nc  |2 rdacarrier 
652 |a KDE  |b DDCoderRVK 
689 0 0 |d s  |0 (DE-588)4030702-5  |0 (DE-627)104731745  |0 (DE-576)208988742  |2 gnd  |a Kirche 
689 0 1 |d g  |0 (DE-588)4022153-2  |0 (DE-627)104665513  |0 (DE-576)208942076  |2 gnd  |a Großbritannien 
689 0 2 |q z  |2 gnd  |a Geschichte 
689 0 |5 (DE-627) 
936 b k |a 11.50  |j Kirchengeschichte  |j Dogmengeschichte  |q ARK  |0 (DE-627)106403877 
936 b k |a 15.64  |j Großbritannien  |j Irland  |x Geschichte  |q ARK  |0 (DE-627)181570386 
951 |a BO 
ELC |b 1 
ORI |a SA-MARC-ixtheo_oa001.raw 
STA 0 0 |a Church,Church,Church,Church in literature,Great Britain,United Kingdom,History,History,History in art 
STB 0 0 |a Histoire,Histoire,Histoire,Église,Église 
STC 0 0 |a Historia,Historia,Historia,Iglesia,Iglesia 
STD 0 0 |a Chiesa,Chiesa,Storia,Storia 
STE 0 0 |a 历史,史,教会,教会 
STF 0 0 |a 教會,教會,歷史,史 
STG 0 0 |a História,História,Igreja,Igreja 
STH 0 0 |a История (мотив),История,Церковь (мотив),Церковь 
STI 0 0 |a Εκκλησία (μοτίβο),Εκκλησία,Ιστορία (μοτίβο),Ιστορία 
SYG 0 0 |a Church,Christliche Kirche,Christliche Kirche,Ekklesia , Rosenberg-Kirche,Notre-Dame-de-l'Assomption,Ste-Trinité,Sainte-Trinité , United Kingdom,Great Britain,UK (United Kingdom),Vereinigtes Königreich , Vereinigtes Königreich von Großbritannien und Nordirland,Großbritannien und Nordirland,England,UK,Angleterre,Brīṭāniyā al-ʿUẓmā,Brīṭāniya 'l-ʿUẓmā,Vereinigtes Königreich Großbritannien und Nordirland,United Kingdom,United Kingdom of Great Britain and Northern Ireland,Great Britain,Grande Bretagne,British Isles,United Kingdom of Great Britain and Ireland,Royaume-Uni,Gran Bretagna,UK,U.K.,GB,England,Grande-Bretagne,Grossbritannien,British Empire,Britisches Reich , History,Geschichtliche Epoche,Historical development,Historische Entwicklung,Landesgeschichte,Regionalgeschichte,Ortsgeschichte,Zeitgeschichte 
TIM |a 100017070101_100020261231  |b 1707 - 2026